000 01038nam0a22002411i 4500
001 rc\802129
005 20240725233518.0
035 _a(NLR Aleph) 005986286
090 _a7080952
_c7080952
100 _a20041129d1983 u |0rusy50 ca
101 0 _arus
102 _aRU
105 _aa |||||||||
200 1 _aРоль лизосом в дифференцировке и функционировании клеток развивающихся и дефинитивных тканей
_e(Электронномикроскоп. и цитохим. исслед.)
_eАвтореф. дис. на соиск. учен. степ. д-ра биол. наук
_e(03.00.11)
210 _aЛ.
_d1983
215 _a41 с.
_cграф.
300 _aВ надзаг.: АМН СССР, НИИ эксперим. медицины
320 _aБиблиогр.: с. 38-41 (40 назв.)
700 1 _aКярнер
_bЮ.К.
_gЮрий Куставович
801 0 _aRU
_bNLR
_gpsbo
801 1 _aRU
_bELAR
_2rusmarc
852 _aNLR
_j84-6/1441
942 _cBOOK